Suite du répertoire du théâtre français, avec un choix des pièces de plusieurs autres théâtres. (Record no. 169826)

MARC details
000 -LEADER
campo de control de longitud fija 01523nam a2200301 i 4500
001 - NÚMERO DE CONTROL
campo de control 169826
003 - IDENTIFICADOR DE NÚMERO DE CONTROL
campo de control ES-MaACL
005 - FECHA Y HORA DE LA ÚLTIMA TRANSACCIÓN
campo de control 20250927110307.0
008 - DATOS DE LONGITUD FIJA--INFORMACIÓN GENERAL
campo de control de longitud fija 081203s1823 fr |||| | fre d
080 ## - NÚMERO DE LA CLASIFICACIÓN DECIMAL UNIVERSAL
Número de la Clasificación Decimal Universal 821.133.1-293
245 00 - MENCIÓN DEL TÍTULO
Título Suite du répertoire du théâtre français, avec un choix des pièces de plusieurs autres théâtres.
Nombre de parte o sección de la obra Grands opéras.
Número de parte o sección de la obra V /
Mención de responsabilidad, etc. arrangées et mises en ordre par M. Lepeintre.
260 ## - PUBLICACIÓN, DISTRIBUCIÓN, ETC.
Lugar de publicación, distribución, etc. Paris :
Nombre del editor, distribuidor, etc. Mme Veuve Dabo,
Fecha de publicación, distribución, etc. 1823 (
Fabricante Senlis)
300 ## - DESCRIPCIÓN FÍSICA
Extensión 409 p., [1] h. ;
Dimensiones 14 cm.
490 1# - MENCIÓN DE SERIE
Mención de serie Suite du répertoire du théatre français ;
Designación de volumen o secuencia 16
500 ## - NOTA GENERAL
Nota general Índice.
500 ## - NOTA GENERAL
Nota general Enc. con: Suite du répertoire du théâtre français ; 15.
505 8# - NOTA DE CONTENIDO CON FORMATO
Nota de contenido con formato Contiene: ;
Título La caravane du Caire ; Panurge /
Mención de responsabilidad par Morel. --
Título Iphigénie en Tauride ; Oedipe en Colone /
Mención de responsabilidad par Guillard. --
Título La Jérusalem délivrée /
Mención de responsabilidad par M. Baour-Lormian. --
Título Anacréon chez Polycrate /
Mención de responsabilidad par M. Guy. --
Título La Vestale ; Fernand Cortez /
Mención de responsabilidad par M. de Jouy.
597 ## - NOTA DE DESCRIPCIÓN FÍSICA
NOTA DE DESCRIPCIÓN FÍSICA 2 tomos en 1 v.
700 1# - ENTRADA AGREGADA--NOMBRE PERSONAL
Nombre de persona Morel de Chédeville, Étienne.
9 (RLIN) 138991
700 1# - ENTRADA AGREGADA--NOMBRE PERSONAL
Nombre de persona Guillard, Nicolas-François.
9 (RLIN) 138992
700 1# - ENTRADA AGREGADA--NOMBRE PERSONAL
Nombre de persona Baour-Lormian, Pierre-Marie-François.
9 (RLIN) 138993
700 1# - ENTRADA AGREGADA--NOMBRE PERSONAL
Nombre de persona Guy, Jean-Henri.
9 (RLIN) 138994
700 1# - ENTRADA AGREGADA--NOMBRE PERSONAL
Nombre de persona Jouy, Etiénne de.
9 (RLIN) 137942
700 1# - ENTRADA AGREGADA--NOMBRE PERSONAL
Nombre de persona Lepeintre-Desroches, Pierre-Marie-Michel,
Fechas asociadas al nombre 1785-1847
9 (RLIN) 138972
830 0# - PUNTO DE ACCESO ADICIONAL DE SERIE-TÍTULO UNIFORME
Título uniforme Suite du répertoire du théatre français ;
Designación de volumen o secuencia 16
9 (RLIN) 188890
852 4# - LOCALIZACIÓN
Ubicación ES-MaACL
Número de control de estantería E-12314(2)
itemnumber R.190455
Nota libre - Biblioteca Jacinto Martínez Lacalle
Holdings
Estatus retirado Estado de pérdida Estado de daño No para préstamo Colección Biblioteca de origen Biblioteca actual Ubicación en estantería Fecha de adquisición Fuente de adquisición Total de préstamos Signatura topográfica completa Código de barras Visto por última vez Precio de reemplazo Tipo de ítem Koha
        Libros del s. XIX Biblioteca del Ateneo de Madrid Biblioteca del Ateneo de Madrid Depósito 2 03/12/2008     E-12314(2) 1178300 23/02/2023 23/02/2023 Libro impreso antiguo